000 01304nam a2200253Ia 4500
999 _c54447
_d54447
001 21509
003 GE_BSU
005 20230328104800.0
008 181216s2017||||ge |||||||||||||| ||geo||
040 _cGE_BSU
041 _ageo
080 _a94(479.223)+908(479.223) ა-14
100 _aაბაშიძე, შალვა
_913018
245 _aდედაო-ჩემო ქედაო :
_bქედის ისტორია უძველესი დროიდან დღემდე /
_cშალვა აბაშიძე ; მთ. რედ. თ. აბულაძე, რედ. შ. ჩიკვაიძე.
264 _aბათუმი :
_bშპს "პოლიგრაფ 2010,
_c2017.
300 _a538 გვ. :
_bილ. ;
_c30 სმ.
541 _h12 ლ.
653 _aდედაო-ჩემო ქედაო
653 _aქედის ისტორია უძველესი დროიდან დღემდე
700 _aაბულაძე, თ.
_eმთავარი რედაქტორი
_93718
700 _aჩიკვაიძე, შ.
_eრედაქტორი
_913019
856 _uhttps://dspace.nplg.gov.ge/bitstream/1234/223640/1/Dedao_Chemo_Qedao.pdf
_yელ. ვერსია. pdf
942 _cBK
_2udc